000
00326nam a22001457a 4500
008
221130b ||||| |||| 00| 0 eng d
020
_a
9781284065480
041
_a
eng
080
_2
eighth edition
_a
34
082
_a
34 SUL
100
_a
31.1
101
_a
JURE
245
_a
HEALTHH CARE USA
_c
SULTZ A.H
942
_2
udc
_c
BK
999
_c
59037
_d
59037